Villes mondiales finissant par L - Statistiques

Statistiques générales
  • Ce quiz a été pris 113 fois
    14 depuis la dernière actualisation
  • Le résultat moyen est 12 sur 20
Statistiques - réponses
Question Villes % Correct
Ville d'origine des Beatles Liverpool
100%
Préfecture des Vosges Épinal
92%
Avec Manhattan, elle compose l'autre moitié d'une chanson de Renaud Kaboul
83%
Deuxième ville du Canada, accueillant la Formule 1 chaque année Montreal
83%
Cette mégalopole a vu naître le chanteur PSY Séoul
83%
Ville anglaise ou américaine, dont le nom concerne aussi des fiches quadrillées Bristol
75%
Préfecture du 94 Créteil
75%
Ville irakienne, anagramme de RIBLE donnant un mot français s'il est lu de droite a gauche Erbil
75%
Plus grande ville de ce pays dont sa seule frontière est le Sénégal Banjul
67%
Ville brésilienne ayant vu le jour le 25 décembre 1599, expliquant son nom Natal
58%
Ville a la croisée de l'Europe et l'Asie, sur le détroit de Kertch Istanbul
50%
Deuxième ville la plus importante de Chypre Limassol
50%
Ville de Suisse sur son lac éponyme Neuchâtel
50%
Grande ville de l'Équateur permettant l'accès aux îles Galapagos Guayaquil
42%
Capitale de l'État fédéré de Schleswig-Holstein Kiel
42%
Grande ville du Minnesota mais aussi de la Réunion Saint-Paul
42%
L'acteur Smith a le même début de prénom que cette ville suisse Wil
42%
Capitale du Madhya Pradesh connue pour son accident chimique en 1984 Bhopal
33%
Ville de Moldavie, capitale de la Transnistrie Tiraspol
25%
Le peintre Meki Megara à vécu près de cette station baln"aire rattachée à la province de Tétouan Martil
0%
Aucun quiz correspondant
Distribution des résultats
% des personnes avec chaque résultat
Percentile par nombre de réponses
Votre historique - résultats
Vous n’avez pas pris ce quiz depuis la dernière actualisation